El plano /
Guardado en:
| Autor Principal: | |
|---|---|
| Formato: | Libro |
| Idioma: | Spanish |
| Publicado: |
Buenos Aires :
Editorial Docencia,
c1979.
|
| Edición: | 1a. ed. |
| Series: | Matemática universitaria
|
| Etiquetas: |
Agregar Etiqueta
Sin Etiquetas, Sea el primero en etiquetar este registro!
|
| LEADER | 00475nam a22001575a 4500 | ||
|---|---|---|---|
| 001 | MAT.inmabb003998 | ||
| 008 | 060905s1979####ag#a##########000#0#spa#d | ||
| 005 | 20180404160108.0 | ||
| 245 | 1 | 3 | |a El plano / |c Juan Alfredo Tirao. |
| 250 | |a 1a. ed. | ||
| 260 | |a Buenos Aires : |b Editorial Docencia, |c c1979. | ||
| 300 | |a 80 p. : |b il. ; |c 19 cm. | ||
| 440 | 0 | |a Matemática universitaria | |
| 100 | 1 | |a Tirao, Juan Alfredo, |d 1942- | |
| 084 | |a 51-01 |2 msc2000 | ||
| 859 | |h 51 |i T596 |p A-8415 |b BIB. MATEMATICA | ||
